000 00927nam a22003137a 4500
001 BR6000130
003 BR-BrBNA
005 20230928083016.0
007 ta
008 230509b bl.||||| |||| 00| 0 por d
040 _aBR-BrBNA
_bpor
_cBiblioteca Nacional de Agricultura
041 _a(Por)
072 _aE70; E15
_b/G514
090 _ E70 BR6000130
110 1 _aComissao de Financiamento da Producao, Brasilia, DF (Brasil). Servico de Pesquisas Economicas
_91992
245 1 _aPrecos minimos para a regiao Centro-Sul. Safra 1966/67 [Brasil]
260 3 _aBrasilia, DF (Brasil):
_c[nd].
300 _a191 p.
500 _aPublished after 1962
650 _aPRECO MINIMO
650 _aEXPORTACAO
650 _aSAFRA
650 _aCUSTO DE PRODUCAO
650 _aPOLITICA DE PRECO
650 _aMERCADO INTERNACIONAL
650 _aREGIAO CENTRO-SUL
909 _a202309
_bLucia
_c55
_dLucia Elande
942 _cBK
999 _c11076
_d11076